Sports Quiz

Random Sports or MLB Quiz
Score 0/120 Timer 15:00
2 Plays Today
Year Player % Correct
2009Derek Jeter
96.7%
2007Derek Jeter
96.7%
2006Derek Jeter
96.7%
2005Derek Jeter
96.7%
2000Derek Jeter
96.7%
1999Derek Jeter
96.7%
1998Derek Jeter
96.7%
2010Ichiro Suzuki
96.4%
2009Ichiro Suzuki
96.4%
2008Ichiro Suzuki
96.4%
2007Ichiro Suzuki
96.4%
2006Ichiro Suzuki
96.4%
2005Ichiro Suzuki
96.4%
2004Ichiro Suzuki
96.4%
2003Ichiro Suzuki
96.4%
2002Ichiro Suzuki
96.4%
2001Ichiro Suzuki
96.4%
2012Derek Jeter
94.2%
2017Jose Altuve
91.3%
2016Jose Altuve
89.7%
2015Jose Altuve
88%
2012Miguel Cabrera
87.6%
2014Jose Altuve
86.3%
2011Melky Cabrera
86.2%
2001Alex Rodriguez
84.7%
1998Alex Rodriguez
84.7%
1996Alex Rodriguez
84.7%
2007Hanley Ramirez
80.4%
2016Dustin Pedroia
79.1%
2007Jimmy Rollins
78.9%
2008Dustin Pedroia
78.7%
2003Todd Helton
78%
2000Todd Helton
78%
2010Robinson Cano
78%
2009Robinson Cano
78%
2016Mookie Betts
77.4%
2009Ryan Braun
74.8%
2007Michael Young
72.3%
2006Michael Young
72.3%
2005Michael Young
72.3%
Year Player % Correct
2004Michael Young
72.3%
2003Michael Young
72.3%
1999Luis Gonzalez
72.1%
2006Vladimir Guerrero
72.1%
2004Vladimir Guerrero
72.1%
2002Vladimir Guerrero
72.1%
1998Vladimir Guerrero
72.1%
1997Tony Gwynn
71%
1989Tony Gwynn
71%
2003Albert Pujols
70.2%
2006Chase Utley
70%
2008Jose Reyes
69.6%
1997Larry Walker
65.5%
1998Craig Biggio
64.9%
2017Charlie Blackmon
64.8%
1991Cal Ripken
64.5%
2015Dee Gordon
61.6%
2011Jacoby Ellsbury
61.5%
2017Dee Gordon
61.1%
2019Whit Merrifield
59.8%
2002Bernie Williams
59.6%
1999Bernie Williams
59.6%
1992Kirby Puckett
58.3%
1989Kirby Puckett
58.3%
2007Magglio Ordonez
58%
2006Miguel Tejada
55.7%
2002Miguel Tejada
55.7%
2004Miguel Tejada
55.7%
2019Rafael Devers
54%
2002Alfonso Soriano
53%
2003Garret Anderson
52.6%
1989Wade Boggs
49.1%
2000Johnny Damon
49%
1996Paul Molitor
47.4%
1993Paul Molitor
47.4%
1991Paul Molitor
47.4%
2007Matt Holliday
45.6%
1997Nomar Garciaparra
45.3%
2004Adrian Beltre
44.6%
2014Michael Brantley
42.9%
Year Player % Correct
2003Vernon Wells
42.8%
1998Dante Bichette
41.7%
1996Kenny Lofton
41.2%
1991Rafael Palmeiro
41%
2006Juan Pierre
40.1%
2004Juan Pierre
40.1%
2003Juan Pierre
40.1%
2001Juan Pierre
40.1%
1998Albert Belle
40.1%
1996Lance Johnson
39%
1997Mike Piazza
37.7%
2011Adrian Gonzalez
36.6%
1998Mo Vaughn
36%
1996Mo Vaughn
36%
2006Freddy Sanchez
35.4%
2011Michael Young
34.8%
2001Bret Boone
32.6%
1998Vinny Castilla
32.4%
2000Darin Erstad
32%
1993John Olerud
31.7%
2004Jack Wilson
31.4%
2017Eider Inciarte
31.2%
2007Placido Polanco
29%
2000Jose Vidro
27.6%
2000Mike Sweeney
26.4%
2011Starlin Castro
22.9%
1993Carlos Baerga
22.8%
1992Carlos Baerga
22.8%
1996Ellis Burks
21.9%
2001Rich Aurilia
20.7%
1996Marquis Grissom
20.7%
1991Julio Franco
17.4%
1991Ruben Sierra
16.7%
1989Steve Sax
13.3%
2001Shannon Stewart
12%
2004Mark Loretta
11.5%
1999B.J. Surhoff
8.2%
1999Doug Glanville
7.7%
1996Mark Grudzielanek
7.1%
1999Randy Velarde
5.6%

You're not logged in!

Compare scores with friends on all Sporcle quizzes.
OR
Log In

Sporcle TV

Today on Sporcle TV


Watch our educational content, quiz creation guides, and fun videos on Sporcle TV.

Show Comments

Extras

Top Quizzes Today


Score Distribution

Paid Content

Your Account Isn't Verified!

In order to create a playlist on Sporcle, you need to verify the email address you used during registration. Go to your Sporcle Settings to finish the process.

Report this User

Report this user for behavior that violates our Community Guidelines.

Details: